00618nam a22001937a 450000500170000001000120001702000220002903500120005103700160006304000120007908200190009124501000011026000630021027000510027330000280032465000230035265000200037570000290039520170124105927.0 aB-79972 c00.00a8170228948 aB-79972 bCen Lib/Ret aDPLbEN a398.95413bPRO aProverbs and folklore of Kumaun and Garhwal /ccollected and edited by Pandit Ganga Datt Upreti aNew DelhibIndira Gandhi national center forthe artsc2003 aCentral vista mess JaqnpathbNew Delhie110001 axxviii,400p. c21cm(Hb) aProverbs, Garhwali aProverbs, Indic aUpreti,Pandit Ganga Datt